[Event "29th Paul Keres Memorial 2020"]
[Site "Tallinn"]
[Date "2020.01.11"]
[Round "2.6"]
[White "Moiseenko, Alexander"]
[Black "Lumiste, Rene"]
[Result "1-0"]
[WhiteElo "2620"]
[BlackElo "2085"]
[Annotator "TA"]
[PlyCount "81"]
[EventDate "2020.01.11"]
[EventType "swiss"]
[EventCountry "EST"]
[SourceTitle "playchess.com"]
[Source "ChessBase"]
[SourceQuality "1"]

{[%evp 11,81,58,58,54,61,56,58,58,103,93,116,116,118,113,114,108,98,91,103,65,113,117,120,109,114,108,102,87,87,87,87,87,87,87,87,87,140,140,165,158,163,0,170,160,150,109,112,104,98,114,108,0,0,19,33,33,35,0,0,0,0,-165,0,0,798,740,750,702,738,738,29997,29998]} 1. d4 Nf6 2. c4 c5 3. d5 e5 4. Nc3 d6 5. e4 Be7 6. g3 Na6 7. Bg2 {A56: Czech Benoni} Nc7 8. Nge2 a6 (8... h5 9. h3 h4 10. g4 Nd7 11. Be3 a6 12. a4 b6 13. Qd2 Rb8 14. b3 b5 {0-1 (52) Moiseenko,A (2667)-McShane,L (2640) Riadh 2017}) 9. a4 {[%cal Ba2a4,Ba4a5][%mdl 32] White is slightly better.} Rb8 10. a5 h5 $146 ({Predecessor:} 10... O-O 11. O-O Nd7 12. f4 exf4 13. gxf4 Bf6 14. Ng3 b5 15. cxb5 Nxb5 16. Nxb5 Rxb5 {0-1 (44) Goes,C (1770)-Sawadkuhi,M (2149) Bremen 2016}) 11. h4 Bd7 12. O-O b5 13. axb6 $1 Rxb6 14. Na4 Rb4 15. b3 {[%cal Bb2b3,Bb3a4][%mdl 32]} Bxa4 16. Rxa4 Rxa4 17. bxa4 O-O 18. Bd2 Qa8 19. Qc2 Rb8 20. Rb1 Rb7 21. Bh3 Qb8 22. Rxb7 Qxb7 23. f3 Qb6 (23... Bd8 $142) 24. Nc1 $16 Nh7 25. Qb3 Na8 26. Qc2 $2 (26. Bc8 $18) 26... Qd8 $2 {[#]} (26... Nc7 $1 $11) 27. Nb3 $1 $18 g5 28. hxg5 Bxg5 29. f4 exf4 30. gxf4 Bh6 {Threatening ...Qh4.} 31. Be3 (31. Qd3 $16) 31... Qh4 $1 $11 {[%cal Rh4e1]} 32. Qg2+ Kf8 {Strongly threatening ...Qe1+.} 33. Qf3 $36 {[%mdl 2048] And now e5 would win. White is pushing.} Nb6 34. Nd2 Nf6 35. e5 Ng4 36. exd6 $2 (36. Bxg4 $1 $11 {and White stays safe.} hxg4 37. Qe4 Nxa4 38. exd6) 36... Qe1+ $2 ({Better is} 36... Nxe3 $19 37. Qxe3 Bxf4 {[%mdl 64] Double Attack} 38. Qe7+ Qxe7 39. dxe7+ Kxe7) 37. Nf1 Bg7 $2 {[%mdl 8192]} (37... Nxe3 $11 38. d7 {[#]} Nxd7 $1 {[%mdl 512]} 39. Qxe3 Qxe3+ 40. Nxe3 Nf6) 38. Bxg4 hxg4 39. Qxg4 Bf6 40. Bxc5 {Threatening mate with d7+.} Nxc4 41. d7+ {Accuracy: White = 75%, Black = 43%.} 1-0

[Event "29th Paul Keres Memorial 2020"]
[Site "Tallinn"]
[Date "2020.01.11"]
[Round "3.1"]
[White "Onischuk, Vladimir"]
[Black "Meshkovs, Nikita"]
[Result "0-1"]
[WhiteElo "2631"]
[BlackElo "2565"]
[Annotator "TA"]
[PlyCount "144"]
[EventDate "2020.01.11"]
[EventType "swiss"]
[EventCountry "EST"]
[SourceTitle "playchess.com"]
[Source "ChessBase"]
[SourceQuality "1"]

{[%evp 17,144,11,16,7,24,20,27,34,28,40,38,34,33,44,51,47,50,33,53,37,43,43,63,65,86,33,30,6,35,35,58,49,53,53,69,34,34,34,48,22,41,30,200,86,75,71,75,0,0,0,0,-368,-366,-344,-132,-132,-129,-129,-129,-129,-126,-143,-129,-133,-126,-226,-204,-231,-215,-229,-229,-225,-247,-246,-175,-310,-283,-333,-319,-313,-302,-367,-367,-360,-360,-341,-337,-371,-339,-388,-377,-366,-368,-358,-363,-366,-353,-359,-363,-362,-354,-354,-346,-418,-410,-404,-389,-446,-441,-460,-445,-468,-455,-451,-445,-475,-448,-487,-485,-520,-464,-583,-575,-29973,-29973,-29973,-29971,-29981,-29982]} 1. e4 e5 2. Nf3 Nc6 3. Bc4 Bc5 4. d3 Nf6 5. O-O O-O 6. Nbd2 {[%cal Bb1d2,Bd2f1,Bf1g3][%mdl 32]} d6 7. c3 a5 8. h3 Bd7 9. a4 h6 10. Re1 {C54: Giuoco Piano: 4 c3 Nf6, main lines with 5 d4 and 5 d3} Ne7 (10... Be6 11. Bb5 Na7 12. Bc4 Nc6 13. Bb5 Na7 14. Bc4 Nc6 {½-½ (14) Antoniewski,R (2540)-Predojevic,B (2640) Austria 2017}) 11. Nf1 Ng6 12. Ng3 $146 {White has an edge.} ({Predecessor:} 12. Be3 Ba7 13. Qd2 Kh7 14. Ng3 Bxe3 15. fxe3 c6 16. d4 d5 17. Bd3 dxe4 18. Nxe4 Nxe4 19. Bxe4 {1-0 (37) Pachon,A (1923)-Upegui Cardona,Y Medellin 2010}) 12... c6 13. Bb3 Re8 14. d4 Bb6 15. Bc2 Be6 16. Be3 Bc7 17. Qd2 Qe7 18. Rad1 Rad8 19. Qc1 Rd7 20. b3 d5 21. exd5 (21. Nf5 $16 Qd8 22. Bxh6 dxe4 23. Nxg7 exf3 24. dxe5 Rxd1 25. Rxd1) 21... Nxd5 $14 22. Bd2 exd4 23. Nxd4 Bxg3 24. fxg3 Qc5 25. Kh2 Rde7 26. Nxe6 (26. Bxh6 $5 gxh6 27. Qxh6 $11) 26... Rxe6 27. Rxe6 Rxe6 28. Re1 {Rxe6 is the strong threat.} Ne5 29. Qd1 Qf2 $2 (29... Nf6 $11 {and Black is okay.}) 30. Rf1 (30. c4 $18 Nf6 31. Bxa5) 30... Qc5 31. c4 Nf6 32. Bc3 ({Better is} 32. Bf5 $16 Re7 33. Bc3) 32... Rd6 $11 33. Qe2 Re6 $1 34. Rf5 $2 {[%mdl 8192] [#]} (34. Qd2 $11 {and White has nothing to worry.}) 34... Neg4+ $1 $19 {[%mdl 576] Discovered Attack} 35. hxg4 Rxe2 $2 (35... Qxf5 $1 $19 {is more deadly.} 36. gxf5 Rxe2) 36. Rxc5 $17 {aiming for Bf5.} Nxg4+ 37. Kh3 {Strongly threatening Bb1.} Nf2+ 38. Kh2 {Threatens to win with Bb1.} Rxc2 {[%mdl 4096] Endgame KRB-KRN} 39. Bd4 Ne4 40. Rxa5 {[#]} Nd2 $1 {[%cal Rd2f3] White must now prevent ...Nf3+.} 41. Bb6 (41. Ra8+ $17 Kh7 42. Ba7) 41... Nxb3 $19 42. Ra8+ Kh7 43. Ra7 Rxc4 44. a5 {[#]} Rb4 $1 45. Kg1 c5 46. Ra8 (46. Kf2 $142) 46... c4 47. Rc8 Kg6 48. Kf2 f6 49. Rc7 Rb5 50. Rxc4 Nxa5 51. Rg4+ Kf7 52. Be3 Nc6 53. Ra4 Rb2+ 54. Kf1 b5 55. Ra6 Ne5 56. Bd4 Rb1+ 57. Ke2 Ng4 58. Ra7+ Kg6 59. Bc5 Rb2+ 60. Kf1 h5 61. Rb7 Nh6 62. Bd4 Rb3 63. Bf2 Nf5 64. Rb6 Rb1+ 65. Ke2 Rb2+ 66. Kf3 b4 {[%cal Bb5b4,Bb4b3][%mdl 32]} 67. Bc5 b3 68. Ba3 Rb1 69. g4 hxg4+ {[%mdl 64] Overworked Piece} 70. Kxg4 Ne3+ {[%mdl 64] Double Attack. Black mates.} 71. Kg3 Nc4 {[%mdl 64] Double Attack} 72. Ra6 Ra1 {Accuracy: White = 48%, Black = 73%.} 0-1

[Event "29th Paul Keres Memorial 2020"]
[Site "Tallinn"]
[Date "2020.01.11"]
[Round "3.2"]
[White "Novik, Maxim"]
[Black "Kovalenko, Igor"]
[Result "0-1"]
[WhiteElo "2434"]
[BlackElo "2640"]
[Annotator "TA"]
[PlyCount "120"]
[EventDate "2020.01.11"]
[EventType "swiss"]
[EventCountry "EST"]
[SourceTitle "playchess.com"]
[Source "ChessBase"]
[SourceQuality "1"]

{[%evp 9,120,25,28,23,25,17,34,22,14,-7,-16,-6,9,9,29,17,43,31,47,0,0,0,24,-2,1,0,0,-26,15,0,0,-11,0,-16,-15,-28,-27,-35,-22,-25,-22,-24,-14,-18,-20,-11,0,-43,-54,-200,-200,-200,-200,-227,-218,-588,-218,-286,-292,-285,-285,-285,-279,-292,-291,-256,-204,-206,-201,-186,-14,-14,-14,-14,0,-10,-10,-10,-10,-10,-10,-137,-23,-25,-8,-8,-8,-8,-8,-76,-61,-62,-63,-80,0,0,0,-8,0,0,0,0,0,0,0,-29982,-29982,-29986,-29987,-29987,-29988,-29989,-29990]} 1. d4 Nf6 2. Bg5 e6 3. c3 d6 (3... h6 4. Bh4 c5 5. e3 b6 6. Bd3 Bb7 7. Nf3 Be7 8. Nbd2 O-O 9. O-O cxd4 10. exd4 d6 11. Re1 Nbd7 12. a4 a6 13. h3 Nh5 14. Bxe7 Qxe7 15. Be4 Ndf6 16. Bxb7 Qxb7 17. g3 b5 18. Qb3 Qc6 19. Ra2 Nd5 20. Rea1 {½-½ (32) Bareev,E (2643)-Svidler,P (2729) Amsterdam 2019}) 4. Nd2 Nbd7 5. e4 h6 6. Bh4 {A45: Trompowsky Attack} Be7 7. Bd3 e5 8. Ngf3 {White is slightly better.} Nh5 9. Bg3 Nxg3 10. hxg3 Bf6 11. Qe2 $146 ({Predecessor:} 11. Nc4) 11... c6 12. Nc4 {[%cal Bd2c4,Bc4e3,Be3f5][%mdl 32]} Qc7 13. g4 Rf8 14. O-O-O Nb6 15. Ne3 Be6 16. Kb1 O-O-O 17. Bc2 Kb8 18. Bb3 Bc8 19. dxe5 dxe5 20. Nf5 a5 21. a3 Nd7 22. Qe3 b6 23. Nd6 Nc5 24. Nxc8 Qxc8 25. Bc2 a4 26. g5 hxg5 27. Nxg5 Qg4 28. Rxd8+ Rxd8 29. Nxf7 {[#]} (29. Nh3 $1 $15) 29... Rd7 $1 $19 30. Nh8 Qxg2 31. Qh3 Qxf2 32. Ng6 $2 (32. Qh5 {is more resistant.}) 32... Kb7 $2 (32... Rd2 33. Rf1 Qe2) 33. Rf1 Qe2 34. Qf3 {[#]} Rd2 $1 {[%cal Rd2c2]} 35. Qxe2 Rxe2 36. Nf8 b5 ({Don't play} 36... Nxe4 37. Bxe4 Rxe4 38. Rg1 $19) 37. Nh7 Bd8 38. Rf7+ Kb6 39. Rxg7 Nxe4 $2 (39... Nb3 $19 {Hoping for ...Re1+.} 40. Rd7 Bh4) 40. Bxe4 $11 Rxe4 $19 {[%mdl 4096] Endgame KRB-KRN} 41. Nf8 $1 {[%cal Rf8d7] aiming for Nd7+.} c5 42. Rg6+ Kb7 43. Nd7 Re1+ 44. Kc2 c4 45. Rg8 (45. Nc5+ $11 {remains equal.} Ka7 46. Kd2) 45... Bc7 (45... Re2+ $17 46. Kc1 (46. Kd1 $2 Rxb2 47. Kc1 Ra2 $17) 46... Bh4) 46. Rg6 $1 $11 e4 {White must now prevent ...Bf4.} 47. Nc5+ Ka7 48. Kd2 Rb1 {Strongly threatening ...Bf4+.} 49. Nxe4 (49. Ke3 $11 {keeps the balance.}) 49... Rxb2+ 50. Ke3 Bb6+ 51. Kf4 Rb3 ({Black should play} 51... Re2 $17) 52. Ke5 $1 Rxa3 {...Ra1 is the strong threat.} 53. Kd5 Rb3 54. Kc6 {Threatens to win with Nd6.} a3 55. Rg8 a2 (55... b4 $5 56. Rg7+ $8 Ka6 $11) 56. Rg7+ Ka6 57. Rb7 $2 {[%mdl 8192]} (57. Rg8 $11 Ka7 58. Rg7+ Ka6 59. Rg8) 57... Ba7 {Black mates.} 58. Nf6 a1=Q 59. Nd5 {[#]} Qh1 $1 60. Rd7 Rxc3 {Accuracy: White = 46%, Black = 37%.} 0-1

[Event "29th Paul Keres Memorial 2020"]
[Site "Tallinn"]
[Date "2020.01.11"]
[Round "3.3"]
[White "Alekseev, Evgeny"]
[Black "Maly, Alexey"]
[Result "1-0"]
[WhiteElo "2623"]
[BlackElo "2357"]
[Annotator "TA"]
[PlyCount "77"]
[EventDate "2020.01.11"]
[EventType "swiss"]
[EventCountry "EST"]
[SourceTitle "playchess.com"]
[Source "ChessBase"]
[SourceQuality "1"]

{[%evp 11,77,26,25,13,13,11,4,8,10,7,14,-1,4,0,0,0,15,9,27,30,22,25,29,24,25,15,31,0,1,0,47,38,34,28,30,23,31,24,47,23,23,0,16,0,0,0,28,0,29,35,67,68,68,68,66,31,36,33,29,20,30,22,27,39,1186,1188,1145,1122]} 1. e4 c6 2. d4 d5 3. exd5 cxd5 4. Bd3 Nc6 5. c3 Qc7 6. h3 g6 7. Nf3 {B13: Caro-Kann: Exchange Variation and Panov-Botvinnik Attack} (7. Ne2 Bf5 8. Bxf5 gxf5 9. Bf4 Qd7 10. Nd2 e6 11. g4 Nge7 12. Ng3 O-O-O 13. gxf5 Nxf5 14. Nxf5 exf5 15. Qf3 Re8+ 16. Kd1 Re6 17. Kc2 Ne7 18. Rhe1 Ng6 19. Rxe6 fxe6 {½-½ (19) Dominguez Perez,L (2758)-Mamedyarov,S (2772) Moscow 2019}) 7... Bf5 8. O-O Bxd3 9. Qxd3 {The position is equal.} Nf6 10. Re1 Bg7 11. Nbd2 O-O 12. Nb3 Ne4 13. Ng5 Nxg5 14. Bxg5 Rad8 15. Re2 $146 ({Predecessor:} 15. Qe3 Rfe8 16. Nc5 Qc8 17. Nd3 Qf5 {1-0 (52) Azimova,K (2051)-Vasova,M (2022) Vratsa 2015}) 15... b6 16. Rae1 {[%cal Rg5e7]} Rd7 17. Bh4 e6 18. Qf3 a5 {[%cal Ba7a5,Ba5a4][%mdl 32]} 19. a3 a4 20. Nc1 Na5 21. Nd3 Nc4 22. Bf6 Bxf6 23. Qxf6 Qd8 24. Qf4 Re8 25. h4 h5 26. g3 Kg7 27. Kg2 Qf6 28. Qc1 Qf5 29. Qd1 Ra8 30. Ne5 Nxe5 31. Rxe5 Qf6 32. Rg5 Kf8 33. g4 hxg4 $1 34. Qxg4 Ke7 35. Re3 $36 {[%mdl 2048] White is pushing.} Kd6 36. Rf3 Qe7 37. c4 {[#] Threatens to win with cxd5.} dxc4 $2 {[%mdl 8192]} (37... Kc6 $14) 38. Qf4+ $18 Kc6 39. Qe4+ {Accuracy: White = 62%, Black = 50%.} 1-0

[Event "29th Paul Keres Memorial 2020"]
[Site "Tallinn"]
[Date "2020.01.11"]
[Round "3.4"]
[White "Krupenski, Juri"]
[Black "Tiviakov, Sergei"]
[Result "0-1"]
[WhiteElo "2386"]
[BlackElo "2608"]
[Annotator "TA"]
[PlyCount "96"]
[EventDate "2020.01.11"]
[EventType "swiss"]
[EventCountry "EST"]
[SourceTitle "playchess.com"]
[Source "ChessBase"]
[SourceQuality "1"]

{[%evp 16,96,0,0,0,0,8,7,6,8,7,-14,-16,-71,-73,-53,-69,-89,-42,-92,-71,-81,-73,-81,-79,-62,-31,-31,-31,-31,-38,-47,-48,-41,-35,-22,-8,-8,-8,-8,0,-15,-15,-18,0,0,0,0,0,-37,-37,-37,-8,-7,0,0,0,-8,-8,-10,0,0,0,-8,-8,-8,0,0,0,-8,-11,-143,-143,-29973,-29974,-29974,-29974,-29974,-29976,-29976,-29977,-29988,-29989]} 1. d4 Nf6 2. c4 e6 3. g3 d5 4. Nf3 Bb4+ 5. Bd2 Be7 6. Bg2 c6 7. O-O O-O 8. Qc2 b6 9. cxd5 cxd5 {E11: Bogo-Indian} 10. Rc1 (10. Ne5 Nfd7 11. Nxd7 Qxd7 12. e4 Bb7 13. Nc3 dxe4 14. Bxe4 Nc6 15. Bxh7+ Kh8 16. Be4 Nxd4 17. Qd1 Bxe4 18. Nxe4 {½-½ (26) Lalith,B (2528)-Tiviakov,S (2659) Chennai 2012}) 10... Bb7 11. Ne5 Nfd7 {The position is equal.} 12. Qc7 Ba6 13. e4 Nxe5 14. dxe5 (14. Qxe5 $11 {keeps the balance.} Bf6 15. Qf4) 14... d4 $17 15. f4 $146 ({Predecessor:} 15. a4 Bd3 16. Qxd8 Rxd8 17. Na3 {0-1 (26) Cori Tello,D (2361)-Mareco,S (2525) Buenos Aires 2009}) 15... Nd7 16. b4 Bd3 17. Na3 a5 (17... Rc8 {is interesting.} 18. Qxd8 Rfxd8 19. Bf1 Bxe4 20. Rxc8 Rxc8 21. Nb5 d3) 18. Qxd8 Rfxd8 19. Nc2 Bxc2 20. Rxc2 Bxb4 21. Bxb4 axb4 22. Rb1 Ra4 23. Rc4 Nc5 24. Rbxb4 Rxb4 25. Rxb4 $15 {[%mdl 4096] Endgame [#] KRB-KRN} g5 $1 {[%mdl 512]} 26. Rxb6 (26. fxg5 d3) 26... gxf4 27. gxf4 d3 {aiming for ...d2.} 28. Rd6 Ra8 29. Bf1 Nxe4 30. Rxd3 Rxa2 31. Re3 Ra4 32. Bd3 Nc5 33. f5 Rg4+ 34. Kf2 Nxd3+ (34... Kg7 {feels hotter.} 35. Kf3 h5 36. Bc2 Rh4 37. Re2 Nd7) 35. Rxd3 exf5 $11 {KR-KR} 36. Rf3 Rg5 37. Ke3 Kg7 38. Kf4 Kg6 {Hoping for ...Rg4+.} 39. h3 Rg1 40. Rf2 h6 41. Rf3 h5 42. Rf2 h4 43. Rf3 (43. Re2 $1 $11 {was the only way to keep the balance.}) 43... Re1 $17 {[%csl Gf5][%cal Re1e4]} 44. Re3 $2 {[%mdl 8192]} (44. Rc3 $17) 44... Rxe3 {[%mdl 64] Overworked Piece. Black mates.} 45. Kxe3 Kg5 46. Kf3 f4 47. Ke4 {[#]} f3 $1 {[%mdl 512]} 48. e6 (48. Kxf3 Kf5) 48... f2 {Accuracy: White = 49%, Black = 58%.} 0-1

[Event "29th Paul Keres Memorial 2020"]
[Site "Tallinn"]
[Date "2020.01.11"]
[Round "3.5"]
[White "Kuzubov, Yuriy"]
[Black "Petursson, Margeir"]
[Result "1-0"]
[WhiteElo "2644"]
[BlackElo "2466"]
[Annotator "TA"]
[PlyCount "53"]
[EventDate "2020.01.11"]
[EventType "swiss"]
[EventCountry "EST"]
[SourceTitle "playchess.com"]
[Source "ChessBase"]
[SourceQuality "1"]

{[%evp 13,123,31,43,13,27,13,23,6,37,36,55,42,42,45,66,46,81,87,91,74,69,70,78,66,70,73,96,45,54,53,73,38,30,35,49,40,49,46,56,-6,-6,-6,-6,-7,-13,-46,-46,-40,0,-46,-46,-97,-102,-111,-104,-106,-67,-323,-284,-331,-331,-330,-333,-339,-339,-341,-324,-281,-281,-277,17,0,93,97,167,137,391,379,406,349,349,0,406,399,355,366,497,490,485,453,840,835,805,615,750,529,541,516,927,927,919,909,911,885,844,854,1035,1002,1496,1404,1126,986]} 1. d4 Nf6 2. c4 e6 3. Nf3 Bb4+ 4. Bd2 a5 5. g3 d6 6. Bg2 Nbd7 7. O-O e5 8. Bc1 {E11: Bogo-Indian} (8. Nc3 exd4 9. Nxd4 O-O 10. Qc2 Re8 11. Rad1 Ne5 12. Bg5 h6 13. Bxf6 Qxf6 14. Nd5 Qd8 15. Nxb4 axb4 16. c5 dxc5 17. Qxc5 Qe7 18. Qxe7 Rxe7 {½-½ (35) Leitao,R (2617)-Bachmann,A (2631) Cuiaba 2019}) 8... exd4 9. Nxd4 O-O 10. b3 {White has an edge.} Ne5 11. Bb2 Re8 12. Nc3 c6 13. Qc2 Bd7 $146 ({Predecessor:} 13... Qe7 14. Na4 Bc5 15. Rad1 Ba7 {1-0 (52) Nemet,I (2415)-Zueger,B (2460) Arosa 1996}) 14. Rad1 Qc8 15. Na4 Bc5 16. Nxc5 dxc5 17. Nf3 Bf5 18. Qc1 Nxf3+ 19. exf3 Re2 20. Bxf6 (20. Rfe1 $16 Rxe1+ 21. Rxe1) 20... gxf6 $14 21. Rd6 Re6 22. Rfd1 Rxd6 23. Rxd6 Kg7 24. Qc3 Be6 25. f4 Qc7 26. Qd2 (26. Rd1 $14) 26... Bd5 $11 27. Rxd5 {Played: Rd6xf6} 1-0

[Event "29th Paul Keres Memorial 2020"]
[Site "Tallinn"]
[Date "2020.01.11"]
[Round "3.6"]
[White "Shishkov, Andrei"]
[Black "Moiseenko, Alexander"]
[Result "1-0"]
[WhiteElo "2390"]
[BlackElo "2620"]
[Annotator "TA"]
[PlyCount "121"]
[EventDate "2020.01.11"]
[EventType "swiss"]
[EventCountry "EST"]
[SourceTitle "playchess.com"]
[Source "ChessBase"]
[SourceQuality "1"]

{[%evp 12,121,23,26,20,28,21,25,21,20,21,25,36,22,38,38,60,35,30,21,37,12,204,207,167,0,101,101,207,200,222,0,172,58,58,-162,-149,-382,-206,-244,-240,-261,-247,-258,-171,-212,-172,-194,-191,-194,-183,-225,-140,-142,-129,-171,-156,-164,-179,-157,-169,-165,0,0,0,0,0,0,0,0,8,8,119,129,127,108,100,100,108,100,163,156,226,222,198,193,1654,1525,5225,5616,29971,29972,29973,29972,29970,29972,29972,29973,29973,29973,29973,29974,29978,29979,29979,29977,29977,29978,29978,29979,29977,29978]} 1. d4 Nf6 2. c4 e6 3. Nc3 Bb4 4. Qc2 d5 5. cxd5 exd5 6. Bg5 h6 7. Bh4 g5 {E35: Nimzo-Indian: Classical: 4...d5 5 cxd5 exd5} 8. Bg3 Nc6 9. e3 h5 {White has an edge.} 10. Bb5 h4 11. Be5 Rh6 12. Nge2 $146 ({Predecessor:} 12. h3 Ne4 13. Nge2 Bf5 14. Qb3 Bxc3+ 15. Nxc3 Nxc3 16. bxc3 {0-1 (58) Sjugirov,S (2663)-Yu,Y (2764) St Petersburg 2018}) 12... h3 13. gxh3 Bxh3 14. Rg1 Ne4 15. Qb3 $36 {[%mdl 2048] White fights for an advantage.} Ba5 16. Qa3 Bb6 $2 (16... Bxc3+ $1 $11 {and Black stays safe.} 17. Nxc3 Nxc3 18. bxc3 (18. Qxc3 Qe7 $11) 18... f6) 17. Bg7 Rd6 18. Be5 $2 ({Better is} 18. Nxe4 $18 dxe4 19. Nc3) 18... Nxc3 (18... Rh6 $1 $11) 19. Nxc3 $16 ({But not} 19. Qxc3 $6 Rg6 $11) 19... Rd7 (19... Rg6 $16) 20. Bg7 $18 {[%csl Gg7][%cal Ra3f8]} ({Don't play} 20. Bxc6 $6 bxc6 21. Rg3 Be6 $16) 20... Rd6 21. Be5 Rd7 $1 22. Bf4 (22. Rg3 $18 Be6 23. Bg7) 22... f6 $14 23. Rg3 $2 (23. Bg3 $14 {stays ahead.}) 23... Be6 $1 $19 24. Bd3 $2 (24. Ne2 $17 {is a better defense.}) 24... Qe7 (24... gxf4 $142 25. Bg6+ Bf7 26. Bxf7+ Kxf7) 25. Qxe7+ Kxe7 26. Bxg5 fxg5 27. Rxg5 Rg8 28. h4 Ba5 29. Ke2 Bxc3 30. bxc3 Rh8 31. h5 Kd6 32. Rh1 Rh6 $1 33. f4 Bf7 34. Bg6 Bxg6 35. Rxg6+ Rxg6 36. hxg6 {[%mdl 4096] Endgame KRN-KR} Rg7 $2 (36... Ne7 $1 $19 37. Kf3 Ke6) 37. f5 $11 Ke7 {And now ...Kf6 would win.} 38. Rh8 $1 Kf6 39. Rf8+ Kg5 40. Rf7 Rg8 41. g7 Nd8 (41... Kh6 $11 {keeps the balance.} 42. f6 Nd8) 42. Rf8 $16 Rxg7 {Strongly threatening ...Nf7.} 43. Rxd8 {KR-KR} c6 44. Rf8 Rh7 45. Kd3 Rh2 {[#]} (45... b5 $16) 46. a4 $1 $18 Ra2 {[#]} (46... a6 $16 {was worth a try.} 47. c4 b6) 47. e4 $1 {[%cal Re4e5]} dxe4+ 48. Kxe4 Rxa4 $2 (48... Re2+ 49. Kd3 Rb2) 49. Ke5 Ra1 50. Rg8+ Kh6 51. f6 {White mates.} Re1+ 52. Kf5 {[%cal Rg8h8]} Rf1+ 53. Ke6 Re1+ 54. Kd7 Rf1 55. Ke7 Re1+ 56. Kf8 a5 57. f7 Re3 58. Rh8+ Kg6 59. Kg8 Rf3 60. f8=Q Rxf8+ 61. Kxf8 {Accuracy: White = 51%, Black = 40%.} 1-0

[Event "29th Paul Keres Memorial 2020"]
[Site "Tallinn"]
[Date "2020.01.11"]
[Round "4.1"]
[White "Kovalenko, Igor"]
[Black "Gareyev, Timur"]
[Result "1/2-1/2"]
[WhiteElo "2640"]
[BlackElo "2607"]
[Annotator "ChessBase"]
[PlyCount "148"]
[EventDate "2020.01.11"]
[EventType "swiss"]
[EventCountry "EST"]
[SourceTitle "playchess.com"]
[Source "ChessBase"]
[SourceQuality "1"]
[TimeControl "900+5"]

1. d4 {[%emt 0:00:00]} Nf6 {[%emt 0:00:01]} 2. Bg5 {[%emt 0:00:00]} c5 {[%emt 0:00:05]} 3. Bxf6 {[%emt 0:00:01]} exf6 {[%emt 0:00:01]} 4. c3 {[%emt 0:00:16]} Qb6 {[%emt 0:00:13]} 5. Qd2 {[%emt 0:00:02]} d5 {[%emt 0:00:29]} 6. e3 {[%emt 0:00:03]} Nc6 {[%emt 0:00:07]} 7. Be2 {[%emt 0:00:15]} Bf5 {[%emt 0:01:07]} 8. Nf3 {[%emt 0:00:11]} Rd8 {[%emt 0:00:38]} 9. O-O {[%emt 0:00:03]} Bd6 {[%emt 0:00:03]} 10. dxc5 {[%emt 0:00:29]} Qxc5 {[%emt 0:00:09]} 11. Nd4 {[%emt 0:00:07]} Be4 {[%emt 0:00:05]} 12. Qd1 {[%emt 0:00:28]} Bb8 {[%emt 0:00:21]} 13. Nd2 {[%emt 0:00:01]} O-O {[%emt 0:01:29]} 14. Qb3 {[%emt 0:00:20]} Na5 {[%emt 0:00:30]} 15. Qa4 {[%emt 0:00:22]} Qc7 {[%emt 0:00:19]} 16. g3 {[%emt 0:00:02]} Bg6 {[%emt 0:01:05]} 17. Rac1 {[%emt 0:00:10]} Rc8 {[%emt 0:01:54]} 18. Rfd1 {[%emt 0:00:19]} a6 {[%emt 0:00:08]} 19. h4 {[%emt 0:03:14]} h5 {[%emt 0:01:19]} 20. Bf3 {[%emt 0:00:16]} Rfd8 {[%emt 0:00:16]} 21. Ne2 {[%emt 0:00:11]} b5 {[%emt 0:00:07]} 22. Qa3 {[%emt 0:00:07]} Qb6 {[%emt 0:00:11]} 23. b4 {[%emt 0:00:16]} Nc6 {[%emt 0:00:29]} 24. Nf4 {[%emt 0:01:46]} Bxf4 {[%emt 0:00:33]} 25. exf4 {[%emt 0:00:01]} d4 {[%emt 0:00:16]} 26. c4 {[%emt 0:00:00]} bxc4 {[%emt 0:00:56]} 27. Rxc4 {[%emt 0:00:02]} Na7 {[%emt 0:00:11]} 28. Qb3 {[%emt 0:02:01]} Nb5 {[%emt 0:00:01]} 29. a4 {[%emt 0:00:52]} Nd6 {[%emt 0:00:37]} 30. Rcc1 {[%emt 0:00:17]} Rb8 {[%emt 0:00:16]} 31. Nc4 {[%emt 0:01:01]} Qxb4 {[%emt 0:00:12]} 32. Qxb4 {[%emt 0:00:01]} Rxb4 {[%emt 0:00:01]} 33. Rxd4 {[%emt 0:00:02]} Kh7 {[%emt 0:01:24]} 34. Rxd6 {[%emt 0:01:42]} Rxc4 {[%emt 0:00:06]} 35. Rxc4 {[%emt 0:00:00]} Rxd6 {[%emt 0:00:02]} 36. Rc5 {[%emt 0:00:02]} Bd3 {[%emt 0:01:14]} 37. Rxh5+ {[%emt 0:00:03]} Kg8 {[%emt 0:00:02]} 38. Rc5 {[%emt 0:00:15]} Rd4 {[%emt 0:00:12]} 39. Bc6 {[%emt 0:00:04]} g6 {[%emt 0:00:21]} 40. Kg2 {[%emt 0:00:34]} f5 {[%emt 0:00:00]} 41. a5 {[%emt 0:00:17]} Be2 {[%emt 0:00:07]} 42. Rc2 {[%emt 0:00:56]} Bd3 {[%emt 0:00:17]} 43. Rc5 {[%emt 0:00:24]} Be2 {[%emt 0:00:09]} 44. Rd5 {[%emt 0:00:01]} Rc4 {[%emt 0:00:13]} 45. Rd2 {[%emt 0:00:45]} Rxc6 {[%emt 0:00:15]} 46. Rxe2 {[%emt 0:00:01]} Kg7 {[%emt 0:00:04]} 47. Re5 {[%emt 0:00:02]} Rc2 {[%emt 0:00:07]} 48. h5 {[%emt 0:00:01]} Ra2 {[%emt 0:00:05]} 49. hxg6 {[%emt 0:00:03]} fxg6 {[%emt 0:00:08]} 50. Rc5 {[%emt 0:00:01]} Kh6 {[%emt 0:00:05]} 51. Kf3 {[%emt 0:00:02]} Ra3+ {[%emt 0:00:03]} 52. Kg2 {[%emt 0:00:04]} Kg7 {[%emt 0:00:04]} 53. f3 {[%emt 0:00:14]} Ra4 {[%emt 0:00:04]} 54. Kh3 {[%emt 0:00:02]} Kh6 {[%emt 0:00:03]} 55. Rd5 {[%emt 0:00:03]} Ra3 {[%emt 0:00:03]} 56. Kh4 {[%emt 0:00:05]} Rxf3 {[%emt 0:00:06]} 57. Rd6 {[%emt 0:00:01]} Rf1 {[%emt 0:00:05]} 58. Kh3 {[%emt 0:00:01]} Rh1+ {[%emt 0:00:05]} 59. Kg2 {[%emt 0:00:00]} Ra1 {[%emt 0:00:01]} 60. Rxa6 {[%emt 0:00:02]} Kh5 {[%emt 0:00:03]} 61. Kh2 {[%emt 0:00:04]} g5 {[%emt 0:00:08]} 62. fxg5 {[%emt 0:00:02]} Kxg5 {[%emt 0:00:02]} 63. Ra8 {[%emt 0:00:04]} f4 {[%emt 0:00:08]} 64. gxf4+ {[%emt 0:00:01]} Kxf4 {[%emt 0:00:02]} 65. a6 {[%emt 0:00:01]} Ra2+ {[%emt 0:00:17]} 66. Kg1 {[%emt 0:00:11]} Kg3 {[%emt 0:00:02]} 67. Kf1 {[%emt 0:00:01]} Kf3 {[%emt 0:00:01]} 68. Ke1 {[%emt 0:00:01]} Ke3 {[%emt 0:00:02]} 69. Kd1 {[%emt 0:00:01]} Kd3 {[%emt 0:00:02]} 70. Kc1 {[%emt 0:00:02]} Rc2+ {[%emt 0:00:19]} 71. Kb1 {[%emt 0:00:11]} Rc7 {[%emt 0:00:02]} 72. Kb2 {[%emt 0:01:10]} Kc4 {[%emt 0:00:03]} 73. a7 {[%emt 0:00:01]} Kc5 {[%emt 0:00:02]} 74. Kb3 {[%emt 0:00:01]} Kb6 {[%emt 0:00:04]} 1/2-1/2